Electronic Industries Association of Japan : 1989
محفوظ في:
| التنسيق: | كتاب |
|---|---|
| اللغة: | Undetermined |
| منشور في: |
Tokyo
Industry-Related Organizations
1989
|
| الموضوعات: | |
| الوسوم: |
إضافة وسم
لا توجد وسوم, كن أول من يضع وسما على هذه التسجيلة!
|
| Thư viện lưu trữ: | Trung tâm Học liệu Trường Đại học Cần Thơ |
|---|
| LEADER | 00482nam a2200181Ia 4500 | ||
|---|---|---|---|
| 001 | CTU_98951 | ||
| 008 | 210402s9999 xx 000 0 und d | ||
| 082 | |a 621.381 | ||
| 082 | |b E38 | ||
| 245 | 0 | |a Electronic Industries Association of Japan : | |
| 245 | 0 | |b 1989 | |
| 260 | |a Tokyo | ||
| 260 | |b Industry-Related Organizations | ||
| 260 | |c 1989 | ||
| 650 | |a Electronic industries | ||
| 650 | |z Japan | ||
| 904 | |i Năm | ||
| 980 | |a Trung tâm Học liệu Trường Đại học Cần Thơ | ||